000 00544nam a2200181 a 4500
001 000022019
005 20240229073944.0
008 100916s1997 dr 001 0 spa d
040 _aDO-SdBNP
_bspa
_cBNPHU
082 _axxxx
_bC643M
245 0 0 _aClodomiro Moquete :
_bentrevista /
_ceditor José Chez Checo.
260 _aSanto Domingo :
_bAmigo del Hogar,
_c1997.
300 _a20 cm.
490 1 _aHistoria total
_vno. 10
700 1 _aChez Checo, José,
_d1949-
_eed.
_910145
830 0 _aHistoria total
_vno. 10
_eed.
_91567
049 _aBNPD
999 _c21517
_d21517